Luoghi di nascita di musicisti italiani - Statistics

Statistiche generali
  • Questo quiz è stato fatto 161 volte
  • Il punteggio medio è 8 su 25
Statistiche sulle risposte
Nome Luogo di nascita % Corretto
Fabrizio De André Genova
81%
Pino Daniele Napoli
76%
Eros Ramazzotti Roma
66%
Luciano Pavarotti Modena
59%
Francesco De Gregori Roma
49%
Vasco Rossi Zocca
45%
Gianna Nannini Siena
44%
Tiziano Ferro Latina
41%
Ligabue Correggio
36%
Jovanotti Roma
34%
Max Pezzali Pavia
32%
Zucchero Reggio Emilia
30%
Francesco Guccini Modena
26%
Fabri Fibra Senigallia
26%
Laura Pausini Faenza
23%
Caparezza Molfetta
18%
Andrea Bocelli Pisa
12%
Samuele Bersani Rimini
12%
Franco Battiato Ionia
11%
Giovanni Allevi Ascoli Piceno
9%
Giuliano Sangiorgi Nardò
8%
Mina Busto Arsizio
7%
Vinicio Capossela Hannover
7%
Francesco Bianconi (Baustelle) Montepulciano
7%
Davide Toffolo (Tre Allegri Ragazzi morti) Pordenone
6%
Nessun quiz corrispondente trovato
Distribuzione punteggi
Percentuale di utenti per punteggio
Percentile per numero di risposta
I tuoi punteggi nel tempo
Non hai fatto questo quiz